000 00442nam a2200181Ia 4500
001 19710
005 20260306172713.0
008 260306t2007||||xx |||||||||||||| ||spa||
041 _aESP
082 _a341
_bK26
100 _aKaufmann, Arthur
_eAUT
245 0 _aLa filosofía del derecho en la posmodernidad
260 _c2007
300 _axvii, 89 páginas :
_c16 cm.
650 _aGEN
654 _aCDE
942 _cLIB
_dJUS
_fJUS
_2ddc
_n
999 _c19710
_d19710